000 00391cam a22001217a 4500
008 180718b1883 xxu||||| |||| 00| 0 eng d
082 _aBA27x54123 M312
100 _aMan, Edward Horace
245 _aAboriginal inhabitants of the Andaman Islands
_cby Edward Horace Man
260 _aDelhi
_bSanskaran Prakashak
_c1883
300 _axxviii, 224p
650 _aEthnology --India --Andaman Islands.
999 _c422849
_d422849